| 000 | 02844nam a2200337 i 4500 | ||
|---|---|---|---|
| 003 | CSPC | ||
| 005 | 20251013112700.0 | ||
| 008 | 251010s2023 flua b 001 0 eng d | ||
| 020 | _a9781032483412 | ||
| 040 |
_beng _cCSPC _aCSPC _erda |
||
| 050 | 4 |
_aSH171 _b.F576 2023 |
|
| 082 | 0 | 4 |
_a639.3 _bF526 |
| 245 | 0 | 0 |
_aFish vaccines : _bhealth management for sustainable aquaculture / _cedited by Preetham Elumalai, Kim Thompson, Sreeja Lakshmi. |
| 250 | _aFirst edition. | ||
| 264 | 1 |
_aBoca Raton, Florida : _bCRC Press, _c2023. |
|
| 300 |
_axx, 242 pages : _billustrations : _c26 cm. |
||
| 336 |
_2rdacontent _atext |
||
| 337 |
_2rdamedia _aunmediated |
||
| 338 |
_2rdacarrier _avolume |
||
| 504 | _aIncludes bibliographical references and index. | ||
| 505 | 0 | _aSection I. Vaccines in aquaculture: a preface -- Understanding vaccine development in aquaculture -- Antigens and immune responses in fishes: an overview -- Aquaculture: facing an array of pathogens -- Section II. Vaccination in fishes: types and methods -- Concepts and types of vaccines -- Antigen discovery -- Novel advancements in vaccine delivery and methods of vaccination -- Section III. Adjuvants in vaccination: an underpinning -- Pole of adjuvants in vaccination studies -- Development of mucosal adjutants for fish vaccination -- Section IV. Technological advancements and efficacy of fish vaccination -- Biotechnological approaches to vaccines -- Safety and efficacy of vaccines in aquaculture -- Mass vaccination in aquaculture: possibilities and limitations -- Section V. Vaccines in aquaculture: challenges and perspectives -- Fish vaccination: how close are the fish farmers? -- Development of fish vaccines: challenges and future perspectives -- Fish vaccine: from field to development. | |
| 520 | _a"This book is a timely reference text that highlights the role of vaccination in the fast-growing aquaculture industry. It discusses topics such as vaccine formulation, vaccine delivery, and enhancing the immune response of fish using nanoparticles. Information related to vaccine safety, ethical approval, and regulations is also discussed, together with dissemination of vaccines to fish farms across the globe. This cutting-edge book presents novel strategies to meet the growing demand for vaccines in finfish aquaculture. This book is useful to students, academics, clinicians, and professionals in the field of fisheries sciences, aquaculture, and veterinary sciences." | ||
| 650 | 0 |
_aFishes _xVaccination. |
|
| 650 | 0 |
_aNanoparticles _xHealth aspects. |
|
| 650 | 0 |
_aFishes _xHealth. |
|
| 700 | 1 |
_aElumalai, Preetham, _eeditor. |
|
| 700 | 1 |
_aThompson, Kim, _eeditor. |
|
| 700 | 1 |
_aLakshmi, Sreeja, _eeditor. |
|
| 942 |
_2ddc _n0 _cBK _h639.3 _iF526 _kCIR _m2023 |
||
| 999 |
_c30682 _d30682 |
||